[Event "2016 Girls Closed Championship"]
[Site "Manchester, NH"]
[Date "2016.06.29"]
[Round "8.5"]
[White "Nguyen, Emily"]
[Black "Yip, Carissa"]
[Result "1-0"]
[BlackElo "2196"]
[WhiteElo "1944"]
[LiveChessVersion "1.4.8"]

1. d4 {[%clk 1:30:49]} g6 {[%clk 1:30:51]} 2. c4 {[%clk 1:31:17]} Bg7
{[%clk 1:31:14]} 3. Nf3 {[%clk 1:31:44]} Nf6 {[%clk 1:31:34]} 4. Nc3
{[%clk 1:32:12]} O-O {[%clk 1:31:56]} 5. g3 {[%clk 1:32:39]} d5 {[%clk 1:31:52]}
6. Bg2 {[%clk 1:30:38]} c6 {[%clk 1:22:31]} 7. cxd5 {[%clk 1:30:00]} cxd5
{[%clk 1:22:57]} 8. O-O {[%clk 1:29:51]} Ne4 {[%clk 1:22:55]} 9. Nxe4
{[%clk 1:17:47]} dxe4 {[%clk 1:23:20]} 10. Ne5 {[%clk 1:18:00]} f6
{[%clk 1:18:51]} 11. Qb3+ {[%clk 1:12:54]} e6 {[%clk 1:19:16]} 12. Nc4
{[%clk 1:13:12]} f5 {[%clk 1:16:25]} 13. Bf4 {[%clk 1:08:45]} Nc6
{[%clk 1:12:31]} 14. e3 {[%clk 1:08:22]} Rf7 {[%clk 0:39:38]} 15. Nd6
{[%clk 0:58:55]} Rf8 {[%clk 0:32:10]} 16. Rac1 {[%clk 0:39:38]} g5
{[%clk 0:19:05]} 17. Be5 {[%clk 0:39:31]} Bxe5 {[%clk 0:17:26]} 18. dxe5
{[%clk 0:39:58]} Qe7 {[%clk 0:17:29]} 19. Qc3 {[%clk 0:38:56]} Qg7
{[%clk 0:16:55]} 20. Nc4 {[%clk 0:34:34]} b5 {[%clk 0:16:51]} 21. Nb6
{[%clk 0:33:39]} axb6 {[%clk 0:17:16]} 22. Qxc6 {[%clk 0:34:05]} Bd7
{[%clk 0:16:54]} 23. Qd6 {[%clk 0:32:26]} Rac8 {[%clk 0:13:20]} 24. Rfd1
{[%clk 0:29:16]} Kh8 {[%clk 0:09:04]} 25. Rc7 {[%clk 0:26:11]} Rxc7
{[%clk 0:09:02]} 26. Qxc7 {[%clk 0:26:40]} Bc8 {[%clk 0:08:46]} 27. Qxg7+
{[%clk 0:27:00]} Kxg7 {[%clk 0:08:59]} 28. Rd6 {[%clk 0:27:22]} b4
{[%clk 0:07:25]} 29. Rxb6 {[%clk 0:26:09]} Rd8 {[%clk 0:07:35]} 30. Bf1
{[%clk 0:26:24]} Rd1 {[%clk 0:06:41]} 31. Kg2 {[%clk 0:26:23]} f4
{[%clk 0:06:42]} 32. gxf4 {[%clk 0:24:20]} gxf4 {[%clk 0:07:08]} 33. exf4
{[%clk 0:23:31]} Rd2 {[%clk 0:06:39]} 34. Kg3 {[%clk 0:23:09]} Rxb2
{[%clk 0:04:47]} 35. Bc4 {[%clk 0:21:07]} Rc2 {[%clk 0:03:34]} 36. Rxb4
{[%clk 0:20:20]} Rc3+ {[%clk 0:03:30]} 37. Kg2 {[%clk 0:20:40]} Rc2
{[%clk 0:03:50]} 38. Bb3 {[%clk 0:20:56]} Rd2 {[%clk 0:03:38]} 39. Rc4
{[%clk 0:20:23]} Ba6 {[%clk 0:02:05]} 40. Rc2 {[%clk 0:50:17]} e3
{[%clk 0:31:35]} 41. Rxd2 {[%clk 0:50:09]} exd2 {[%clk 0:32:03]} 42. Bd1
{[%clk 0:50:17]} Bb7+ {[%clk 0:31:18]} 43. f3 {[%clk 0:48:20]} Kg6
{[%clk 0:29:37]} 44. Kf2 {[%clk 0:48:15]} Bd5 {[%clk 0:28:36]} 45. a4
{[%clk 0:47:58]} Kh5 {[%clk 0:28:28]} 46. Ke3 {[%clk 0:46:49]} Kh4
{[%clk 0:28:33]} 47. Kxd2 {[%clk 0:47:06]} Kh3 {[%clk 0:28:53]} 48. Bc2
{[%clk 0:47:07]} h5 {[%clk 0:28:54]} 49. f5 {[%clk 0:47:14]} exf5
{[%clk 0:28:34]} 50. Bxf5+ {[%clk 0:47:39]} Kxh2 {[%clk 0:29:00]} 51. Bd7
{[%clk 0:47:27]} Kg3 {[%clk 0:27:30]} 52. e6 {[%clk 0:47:12]} h4 {[%clk 0:27:57]}
53. e7 {[%clk 0:47:21]} Bf7 {[%clk 0:28:23]} 54. e8=Q {[%clk 0:47:14]} Bxe8
{[%clk 0:28:50]} 55. Bxe8 {[%clk 0:47:41]} h3 {[%clk 0:29:08]} 56. f4
{[%clk 0:48:07]} Kxf4 {[%clk 0:28:53]} 57. a5 {[%clk 0:47:40]} h2
{[%clk 0:29:19]} 58. Bc6 {[%clk 0:48:08]} 1-0

[Event "2016 Girls Closed Championship"]
[Site "Manchester, NH"]
[Date "2016.06.29"]
[Round "9.1"]
[White "Yip, Carissa"]
[Black "Liu, Joanna"]
[Result "1-0"]
[BlackElo "1850"]
[WhiteElo "2196"]
[LiveChessVersion "1.4.8"]

1. e4 {[%clk 1:30:57]} c5 {[%clk 1:30:57]} 2. Nf3 {[%clk 1:31:20]} d6
{[%clk 1:31:25]} 3. d4 {[%clk 1:31:44]} cxd4 {[%clk 1:31:52]} 4. Nxd4
{[%clk 1:32:09]} Nf6 {[%clk 1:32:19]} 5. Nc3 {[%clk 1:32:32]} a6 {[%clk 1:32:45]}
6. Bc4 {[%clk 1:32:53]} e6 {[%clk 1:33:04]} 7. O-O {[%clk 1:33:18]} b5
{[%clk 1:33:10]} 8. Bb3 {[%clk 1:33:36]} Be7 {[%clk 1:33:25]} 9. Qf3
{[%clk 1:34:02]} Qc7 {[%clk 1:33:53]} 10. Qg3 {[%clk 1:34:21]} O-O
{[%clk 1:34:19]} 11. Bh6 {[%clk 1:34:36]} Ne8 {[%clk 1:34:43]} 12. Rfe1
{[%clk 1:34:47]} Nc6 {[%clk 1:32:23]} 13. Nxc6 {[%clk 1:34:43]} Qxc6
{[%clk 1:32:44]} 14. Nd5 {[%clk 1:33:43]} Qb7 {[%clk 1:30:34]} 15. Nxe7+
{[%clk 1:32:33]} Qxe7 {[%clk 1:31:01]} 16. Bg5 {[%clk 1:32:39]} Qc7
{[%clk 1:26:06]} 17. Rad1 {[%clk 1:32:51]} a5 {[%clk 1:23:30]} 18. a4
{[%clk 1:29:47]} bxa4 {[%clk 1:22:37]} 19. Bxa4 {[%clk 1:30:10]} f6
{[%clk 1:18:27]} 20. Bc1 {[%clk 1:23:19]} Bd7 {[%clk 1:16:35]} 21. Bxd7
{[%clk 1:22:29]} Qxd7 {[%clk 1:16:58]} 22. Rd3 {[%clk 1:21:25]} Rc8
{[%clk 1:08:31]} 23. c3 {[%clk 1:19:58]} Rc6 {[%clk 1:03:57]} 24. Red1
{[%clk 1:19:28]} f5 {[%clk 0:51:06]} 25. e5 {[%clk 1:08:46]} d5 {[%clk 0:50:58]}
26. Qh4 {[%clk 1:08:45]} Qc7 {[%clk 0:44:17]} 27. Rh3 {[%clk 1:03:35]} g6
{[%clk 0:44:07]} 28. Bh6 {[%clk 1:03:12]} Rf7 {[%clk 0:43:53]} 29. Qa4
{[%clk 1:02:37]} Ng7 {[%clk 0:40:28]} 30. Ra1 {[%clk 1:00:56]} Rc5
{[%clk 0:37:25]} 31. Be3 {[%clk 0:55:16]} Rc4 {[%clk 0:36:37]} 32. Qxa5
{[%clk 0:55:36]} Qxe5 {[%clk 0:36:07]} 33. Qd8+ {[%clk 0:53:08]} Rf8
{[%clk 0:36:04]} 34. Qg5 {[%clk 0:53:02]} Rg4 {[%clk 0:26:03]} 35. Qh6
{[%clk 0:52:40]} Nh5 {[%clk 0:26:04]} 36. Ra7 {[%clk 0:52:25]} Qh8
{[%clk 0:20:17]} 37. Rxh5 {[%clk 0:52:21]} 1-0

[Event "2016 Girls Closed Championship"]
[Site "Manchester, NH"]
[Date "2016.06.29"]
[Round "9.2"]
[White "Dong, Alice"]
[Black "Nguyen, Emily"]
[Result "1/2-1/2"]
[BlackElo "1944"]
[WhiteElo "1953"]
[LiveChessVersion "1.4.8"]

1. e4 {[%clk 1:30:46]} c5 {[%clk 1:30:58]} 2. Nf3 {[%clk 1:31:10]} e6
{[%clk 1:31:26]} 3. d4 {[%clk 1:31:35]} cxd4 {[%clk 1:31:53]} 4. Nxd4
{[%clk 1:32:01]} Nf6 {[%clk 1:32:21]} 5. Nc3 {[%clk 1:32:24]} d6 {[%clk 1:32:48]}
6. g4 {[%clk 1:32:45]} h6 {[%clk 1:33:15]} 7. h3 {[%clk 1:33:05]} Nc6
{[%clk 1:33:38]} 8. Bg2 {[%clk 1:33:27]} d5 {[%clk 1:30:24]} 9. exd5
{[%clk 1:32:34]} Nxd5 {[%clk 1:30:35]} 10. Nxd5 {[%clk 1:32:16]} exd5
{[%clk 1:31:01]} 11. O-O {[%clk 1:31:31]} Be7 {[%clk 1:30:45]} 12. c3
{[%clk 1:30:36]} O-O {[%clk 1:29:42]} 13. Be3 {[%clk 1:29:10]} Bf6
{[%clk 1:27:32]} 14. Ne2 {[%clk 1:26:12]} Be6 {[%clk 1:21:48]} 15. f4
{[%clk 1:23:27]} Qe7 {[%clk 1:20:35]} 16. Qd2 {[%clk 1:20:32]} Rfe8
{[%clk 1:15:40]} 17. Rf3 {[%clk 1:16:55]} d4 {[%clk 1:05:09]} 18. Bxd4
{[%clk 1:15:20]} Bxg4 {[%clk 0:58:07]} 19. hxg4 {[%clk 1:15:18]} Qxe2
{[%clk 0:58:24]} 20. Qxe2 {[%clk 1:15:45]} Rxe2 {[%clk 0:58:51]} 21. Bxf6
{[%clk 1:16:05]} gxf6 {[%clk 0:59:20]} 22. Rf2 {[%clk 1:16:23]} Rae8
{[%clk 0:58:47]} 1/2-1/2

[Event "2016 Girls Closed Championship"]
[Site "Manchester, NH"]
[Date "2016.06.29"]
[Round "9.3"]
[White "Yu, Jennifer"]
[Black "Xiang, Evan"]
[Result "1-0"]
[BlackElo "1806"]
[WhiteElo "2187"]
[LiveChessVersion "1.4.8"]

1. c4 {[%clk 1:30:56]} e5 {[%clk 1:30:57]} 2. Nc3 {[%clk 1:31:17]} Nc6
{[%clk 1:31:16]} 3. g3 {[%clk 1:31:28]} Bc5 {[%clk 1:31:39]} 4. Bg2
{[%clk 1:31:34]} a6 {[%clk 1:31:34]} 5. e3 {[%clk 1:31:29]} d6 {[%clk 1:31:59]}
6. Nge2 {[%clk 1:31:55]} Ba7 {[%clk 1:32:19]} 7. d4 {[%clk 1:31:14]} exd4
{[%clk 1:31:50]} 8. exd4 {[%clk 1:29:17]} Nge7 {[%clk 1:31:41]} 9. O-O
{[%clk 1:27:38]} O-O {[%clk 1:29:57]} 10. b3 {[%clk 1:23:56]} Bf5
{[%clk 1:29:28]} 11. h3 {[%clk 1:19:32]} h6 {[%clk 1:26:53]} 12. Bb2
{[%clk 1:17:21]} Rb8 {[%clk 1:26:38]} 13. Kh2 {[%clk 1:07:15]} b5
{[%clk 1:23:41]} 14. cxb5 {[%clk 1:06:00]} axb5 {[%clk 1:24:03]} 15. d5
{[%clk 1:01:08]} Ne5 {[%clk 1:18:56]} 16. Ne4 {[%clk 0:59:08]} Bh7
{[%clk 1:12:04]} 17. Qd2 {[%clk 0:51:25]} Nf5 {[%clk 1:07:18]} 18. Rac1
{[%clk 0:46:36]} b4 {[%clk 0:59:21]} 19. Nf4 {[%clk 0:33:52]} Ne7
{[%clk 0:55:04]} 20. g4 {[%clk 0:20:51]} N7g6 {[%clk 0:53:37]} 21. Nxg6
{[%clk 0:19:02]} Bxg6 {[%clk 0:53:48]} 22. Ba1 {[%clk 0:12:16]} Re8
{[%clk 0:52:14]} 23. Ng3 {[%clk 0:10:57]} Nd3 {[%clk 0:50:00]} 24. Rc4
{[%clk 0:11:11]} Bc5 {[%clk 0:48:42]} 25. Ne4 {[%clk 0:08:25]} Ne5
{[%clk 0:43:38]} 26. Bxe5 {[%clk 0:07:43]} Bxe4 {[%clk 0:43:38]} 27. Bxg7
{[%clk 0:06:38]} Kxg7 {[%clk 0:35:37]} 28. Bxe4 {[%clk 0:07:02]} Qf6
{[%clk 0:35:57]} 29. Kg2 {[%clk 0:06:50]} Re7 {[%clk 0:36:06]} 30. Re1
{[%clk 0:05:11]} Rbe8 {[%clk 0:35:34]} 31. f3 {[%clk 0:05:32]} Qg5
{[%clk 0:31:39]} 32. Qxg5+ {[%clk 0:04:24]} hxg5 {[%clk 0:32:03]} 33. Kg3
{[%clk 0:04:45]} Rh8 {[%clk 0:30:58]} 34. Rh1 {[%clk 0:04:31]} f6
{[%clk 0:30:50]} 35. Ra1 {[%clk 0:04:39]} Ra8 {[%clk 0:30:20]} 36. Kg2
{[%clk 0:03:36]} Ra3 {[%clk 0:30:29]} 37. Rc2 {[%clk 0:02:58]} Bd4
{[%clk 0:28:29]} 38. Rh1 {[%clk 0:03:06]} Be3 {[%clk 0:26:12]} 39. h4
{[%clk 0:02:46]} gxh4 {[%clk 0:26:31]} 40. Rxh4 {[%clk 0:33:13]} Bh6
{[%clk 0:56:57]} 41. Kf1 {[%clk 0:28:32]} Ra7 {[%clk 0:54:30]} 42. Rch2
{[%clk 0:24:27]} f5 {[%clk 0:52:44]} 43. Rxh6 {[%clk 0:21:32]} fxe4
{[%clk 0:53:02]} 44. Rh7+ {[%clk 0:21:59]} Kf6 {[%clk 0:51:13]} 45. g5+
{[%clk 0:21:58]} Kxg5 {[%clk 0:50:58]} 46. Rxe7 {[%clk 0:22:22]} exf3
{[%clk 0:51:26]} 47. Rd2 {[%clk 0:21:44]} Kf4 {[%clk 0:51:01]} 48. Kf2
{[%clk 0:21:50]} Ra8 {[%clk 0:50:52]} 49. Rf7+ {[%clk 0:19:03]} Ke4
{[%clk 0:51:09]} 50. Rxc7 {[%clk 0:18:58]} Rh8 {[%clk 0:51:26]} 51. Rc4+
{[%clk 0:19:25]} Ke5 {[%clk 0:51:43]} 52. Kxf3 {[%clk 0:19:48]} Rf8+
{[%clk 0:51:30]} 53. Ke3 {[%clk 0:19:54]} Rb8 {[%clk 0:51:56]} 54. Re4+
{[%clk 0:19:48]} Kf5 {[%clk 0:52:20]} 55. Rg2 {[%clk 0:19:43]} Kf6
{[%clk 0:51:08]} 56. Rf4+ {[%clk 0:19:45]} Ke7 {[%clk 0:51:27]} 57. Rg7+
{[%clk 0:20:13]} Kd8 {[%clk 0:51:52]} 58. Rf8# 1-0

[Event "2016 Girls Closed Championship"]
[Site "Manchester, NH"]
[Date "2016.06.29"]
[Round "9.4"]
[White "Virkud, Apurva"]
[Black "Wang, Annie"]
[Result "1-0"]
[BlackElo "2061"]
[WhiteElo "1913"]
[LiveChessVersion "1.4.8"]

1. d4 {[%clk 1:30:58]} e6 {[%clk 1:30:51]} 2. c4 {[%clk 1:31:21]} Nf6
{[%clk 1:31:17]} 3. Nc3 {[%clk 1:31:46]} Bb4 {[%clk 1:31:40]} 4. Qc2
{[%clk 1:32:08]} O-O {[%clk 1:32:01]} 5. Nf3 {[%clk 1:32:29]} c5 {[%clk 1:30:26]}
6. dxc5 {[%clk 1:32:26]} Na6 {[%clk 1:30:28]} 7. g3 {[%clk 1:32:04]} Nxc5
{[%clk 1:30:21]} 8. Bg2 {[%clk 1:32:09]} Nce4 {[%clk 1:27:32]} 9. O-O
{[%clk 1:31:32]} Nxc3 {[%clk 1:26:00]} 10. bxc3 {[%clk 1:31:55]} Bc5
{[%clk 1:26:16]} 11. e4 {[%clk 1:27:37]} d6 {[%clk 1:23:34]} 12. e5
{[%clk 1:20:17]} dxe5 {[%clk 1:15:04]} 13. Nxe5 {[%clk 1:20:11]} Qc7
{[%clk 1:10:27]} 14. Qe2 {[%clk 1:17:32]} Bd7 {[%clk 0:51:54]} 15. Bf4
{[%clk 1:14:03]} Bd6 {[%clk 0:50:17]} 16. Rfd1 {[%clk 1:06:03]} Ba4
{[%clk 0:43:08]} 17. Rd4 {[%clk 0:52:15]} Ba3 {[%clk 0:25:11]} 18. Nd7
{[%clk 0:38:06]} Qa5 {[%clk 0:22:42]} 19. Nxf6+ {[%clk 0:36:09]} gxf6
{[%clk 0:23:04]} 20. Qg4+ {[%clk 0:35:41]} Kh8 {[%clk 0:22:30]} 21. Qh4
{[%clk 0:34:50]} Be7 {[%clk 0:14:11]} 22. Bd6 {[%clk 0:29:28]} Qg5
{[%clk 0:06:17]} 23. Bxe7 {[%clk 0:28:57]} Qxh4 {[%clk 0:05:38]} 24. Rxh4
{[%clk 0:29:20]} Rfe8 {[%clk 0:05:18]} 25. Bxf6+ {[%clk 0:29:41]} Kg8
{[%clk 0:05:39]} 26. Be4 {[%clk 0:29:52]} 1-0

[Event "2016 Girls Closed Championship"]
[Site "Manchester, NH"]
[Date "2016.06.29"]
[Round "9.5"]
[White "Feng, Maggie"]
[Black "Bykovtsev, Agata"]
[Result "1/2-1/2"]
[BlackElo "2158"]
[WhiteElo "2227"]
[LiveChessVersion "1.4.8"]

1. d4 {[%clk 1:30:57]} Nf6 {[%clk 1:30:56]} 2. c4 {[%clk 1:31:18]} g6
{[%clk 1:31:24]} 3. Nf3 {[%clk 1:31:38]} Bg7 {[%clk 1:31:49]} 4. g3
{[%clk 1:31:58]} d6 {[%clk 1:31:56]} 5. Bg2 {[%clk 1:32:05]} O-O {[%clk 1:31:47]}
6. O-O {[%clk 1:32:12]} c6 {[%clk 1:29:40]} 7. Nc3 {[%clk 1:32:28]} Qa5
{[%clk 1:29:23]} 8. e4 {[%clk 1:32:46]} e5 {[%clk 1:29:05]} 9. h3
{[%clk 1:33:06]} Nbd7 {[%clk 1:22:57]} 10. Qc2 {[%clk 1:33:01]} exd4
{[%clk 1:19:43]} 11. Nxd4 {[%clk 1:33:21]} Re8 {[%clk 1:09:22]} 12. Be3
{[%clk 1:26:36]} Nc5 {[%clk 1:01:42]} 13. Rad1 {[%clk 1:25:46]} Be6
{[%clk 0:52:53]} 14. b3 {[%clk 1:21:05]} Rac8 {[%clk 0:46:54]} 15. Rfe1
{[%clk 1:12:42]} a6 {[%clk 0:35:52]} 16. Qd2 {[%clk 1:02:25]} Rcd8
{[%clk 0:31:11]} 17. f4 {[%clk 0:55:42]} Bc8 {[%clk 0:24:40]} 18. Bf2
{[%clk 0:53:41]} Nfd7 {[%clk 0:21:22]} 19. Re3 {[%clk 0:41:40]} Ne6
{[%clk 0:17:51]} 20. Nc2 {[%clk 0:40:58]} b5 {[%clk 0:17:03]} 21. b4
{[%clk 0:36:35]} Qc7 {[%clk 0:16:15]} 22. cxb5 {[%clk 0:35:46]} axb5
{[%clk 0:15:53]} 23. Qxd6 {[%clk 0:32:37]} Qb7 {[%clk 0:13:29]} 24. Qd2
{[%clk 0:31:56]} Ne5 {[%clk 0:12:45]} 25. Qe1 {[%clk 0:31:02]} Rxd1
{[%clk 0:13:06]} 26. Nxd1 {[%clk 0:31:03]} Nc4 {[%clk 0:13:05]} 27. Rd3
{[%clk 0:30:41]} Qa6 {[%clk 0:12:18]} 28. a3 {[%clk 0:29:58]} Qa4
{[%clk 0:12:23]} 29. Qe2 {[%clk 0:29:59]} Nc7 {[%clk 0:09:36]} 30. Nc3
{[%clk 0:24:01]} Bxc3 {[%clk 0:07:44]} 31. Rxc3 {[%clk 0:24:19]} Nd5
{[%clk 0:07:42]} 32. Rd3 {[%clk 0:23:11]} Nb2 {[%clk 0:05:06]} 33. Bd4
{[%clk 0:19:03]} Nxd3 {[%clk 0:04:18]} 34. Qxd3 {[%clk 0:19:28]} Ne7
{[%clk 0:03:03]} 35. Bb2 {[%clk 0:18:26]} Qa7+ {[%clk 0:02:08]} 36. Kh2
{[%clk 0:18:50]} Rf8 {[%clk 0:01:54]} 37. Qc3 {[%clk 0:18:27]} f6
{[%clk 0:02:22]} 38. e5 {[%clk 0:18:37]} Nd5 {[%clk 0:02:03]} 39. Qxc6
{[%clk 0:18:26]} Ne7 {[%clk 0:02:16]} 40. Qc3 {[%clk 0:48:28]} Qf2
{[%clk 0:30:40]} 41. exf6 {[%clk 0:27:34]} Bb7 {[%clk 0:23:01]} 42. Ne3
{[%clk 0:27:07]} Nf5 {[%clk 0:21:19]} 43. f7+ {[%clk 0:24:33]} Kxf7
{[%clk 0:21:47]} 44. Qf6+ {[%clk 0:24:26]} Ke8 {[%clk 0:21:08]} 45. Qe5+
{[%clk 0:24:31]} Kf7 {[%clk 0:18:08]} 46. Qf6+ {[%clk 0:20:51]} 1/2-1/2